| 000 | 01162nam2a2200265 4500 | ||
|---|---|---|---|
| 001 | RU\NLR\bibl\1664079 | ||
| 005 | 20250616042159.0 | ||
| 010 |
_a978-5-9985-0863-9 _91000 |
||
| 021 |
_aRU _b2010-51652 _93404 |
||
| 035 | _a(NLR Aleph) 001655360 | ||
| 090 |
_a947807 _c947807 |
||
| 100 | _a20100816d2010 |||y0rusy50 ca | ||
| 101 | 0 | _arus | |
| 102 | _aRU | ||
| 105 | _aa ||||||||| | ||
| 200 | 1 | _aГ - З | |
| 210 |
_d2010 _aБ. м. |
||
| 215 |
_a743, [1] с., [8] л. цв. ил. _cил., портр. |
||
| 320 | _aБиблиогр. в подстроч. прим. | ||
| 461 | 0 |
_1001RU\NLR\bibl\1666791 _12001#$aНовый энциклопедический словарь изобразительного искусства$vТ. 3 _9963952 _aВласов, В. Г. (д-р искусствоведения ; 1947-) _cСанкт-Петербург _d2010 _fВиктор Власов _nАзбука-классика _o[в 10 т.] _tНовый энциклопедический словарь изобразительного искусства _vТ. 3 |
|
| 801 | 0 |
_aRU _bNLR _c20100816 _gRCR |
|
| 801 | 1 |
_aRU _bNLR _c20100816 |
|
| 942 | _cBOOK | ||
| 980 | _aNB | ||